យើងរៀនជិះកង់ / (Record no. 1271)

MARC details
000 -LEADER
fixed length control field 01163nam a22002777a 4500
005 - DATE AND TIME OF LATEST TRANSACTION
control field 20230810110325.0
020 ## - INTERNATIONAL STANDARD BOOK NUMBER
International Standard Book Number 9789996390432
040 ## - CATALOGING SOURCE
Original cataloging agency FISKH
Language of cataloging eng
Transcribing agency FISKH
Modifying agency FISKH
082 ## - DEWEY DECIMAL CLASSIFICATION NUMBER
Classification number 796.63
100 ## - MAIN ENTRY--PERSONAL NAME
Personal name Visoth, Seng
245 ## - TITLE STATEMENT
Title យើងរៀនជិះកង់ /
260 ## - PUBLICATION, DISTRIBUTION, ETC.
Place of publication, distribution, etc. Phnom Penh :
Name of publisher, distributor, etc. Sipar,
Date of publication, distribution, etc. 2021.
300 ## - PHYSICAL DESCRIPTION
Extent 16 pages :
Other physical details color illustrations ;
Dimensions 17 × 20 cm
490 ## - SERIES STATEMENT
Series statement សៀវភៅកូនមាន់
505 ## - FORMATTED CONTENTS NOTE
Formatted contents note K <br/>
520 ## - SUMMARY, ETC.
Summary, etc. ហ៊ីង ជាមួយនឹងមិត្តរបស់គេបីនាក់ទៀតរៀនជិះកង់។ ក្រោយមកហ៊ីងក៏អាចជិះកង់បានដោយខ្លួនឯង។
520 ## - SUMMARY, ETC.
Summary, etc. Bullfrog, along with three other friends, learned to ride a bicycle. Later on he can do it by himself.
521 ## - TARGET AUDIENCE NOTE
Target audience note 510 <br/>
Source Lexile estimate
521 ## - TARGET AUDIENCE NOTE
Target audience note K <br/>
Source Raz-Plus
650 ## - SUBJECT ADDED ENTRY--TOPICAL TERM
Topical term or geographic name entry element Bicycle
Form subdivision Teaching
General subdivision Friendship
650 ## - SUBJECT ADDED ENTRY--TOPICAL TERM
Topical term or geographic name entry element កង់
Form subdivision បង្រៀន
General subdivision មិត្តភាព
700 ## - ADDED ENTRY--PERSONAL NAME
Personal name Visoth, Seng
Titles and other words associated with a name illustrator
942 ## - ADDED ENTRY ELEMENTS (KOHA)
Source of classification or shelving scheme Dewey Decimal Classification
Koha item type Books
Suppress in OPAC No
999 ## -
-- 1271
-- 1271
Holdings
Withdrawn status Lost status Source of classification or shelving scheme Damaged status Not for loan Collection Home library Current library Shelving location Date acquired Total Checkouts Full call number Barcode Date last seen Date last checked out Copy number Price effective from Koha item type
    Dewey Decimal Classification     Khmer Language Books / សៀវភៅភាសាខ្មែរ Footprints International School Library Network Toul Kork Campus Footprints International School Library Network Toul Kork Campus TK Campus, Room B402, Khmer Book Case 16, Shelves 112-123 / ទូរសៀវភៅខ្មែរលេខ ១៦​ ធ្នើរ ១១២ ដល់ ១២៣ បន្ទប់ B402 សាខាទួលគោក 08/10/2023 3 VIS 796.63 2023-0235 11/13/2025 08/22/2025 1 08/10/2023 Books
    Dewey Decimal Classification     Khmer Language Books / សៀវភៅភាសាខ្មែរ Footprints International School Library Network Toul Kork Campus Footprints International School Library Network Toul Kork Campus TK Campus, Room B402, Khmer Book Case 16, Shelves 112-123 / ទូរសៀវភៅខ្មែរលេខ ១៦​ ធ្នើរ ១១២ ដល់ ១២៣ បន្ទប់ B402 សាខាទួលគោក 08/10/2023 5 VIS 796.63 2023-0236 03/02/2026 02/02/2026 2 08/10/2023 Books